| 000 | 00563nam a22001697a 4500 | ||
|---|---|---|---|
| 005 | 20120120111620.0 | ||
| 020 |
_a8181464648 _c150.00 |
||
| 020 |
_a9788181464644 _c150.00 |
||
| 100 |
_aRao,Sandhya _941944 |
||
| 245 |
_aMy mother's sari / _cby Sandhya Rao ; illustrated by Nina Sabnani |
||
| 260 |
_aChennai _bTulika Publishers _c2009 |
||
| 270 |
_a13 prithvi Avenue First Street,Abhiramapuram, _bChennai _e600018 |
||
| 300 |
_aUnpaged _bill (col) _c29 cm (pbk) |
||
| 500 | _aRead aloud age 3+ read alone 6+ | ||
| 700 |
_aSabnani,Nina _941924 |
||
| 942 |
_2ddc _cCH _mRAO |
||
| 999 |
_c62738 _d62738 |
||